| 000 | 00653cam a2200205 4500 | ||
|---|---|---|---|
| 001 | ABS61937 | ||
| 008 | 000000n2000 000 0 eng u | ||
| 035 | _a(Sirsi) u104418 | ||
| 100 | _aWilbourn, P. | ||
| 245 | _aPolluter pays ... but when? | ||
| 260 | _c2000 | ||
| 490 |
_aProperty Week _v65(6) 11 February 2000 78-79(2) |
||
| 520 | _aDescribes the expected legislation regarding the contaminated land regime and the lack of answers it provides. | ||
| 590 | _aABS | ||
| 650 | _aCONTAMINATED LAND REGIME | ||
| 650 | _aENVIRONMENTAL PROTECTION ACT 1990 | ||
| 650 |
_aContamination _96231 |
||
| 690 | _aENVIRONMENT-CONTAMINATION | ||
| 942 | _n0 | ||
| 999 |
_c62645 _d62645 |
||